000 00644nam a2200169 a 4500
001 000036704
005 20200930075902.0
008 120125s1995 mx abc 000 0 spa d
020 _a9706111263
040 _aDO-SdBNP
_bspa
_cBNPHU
245 0 0 _aEnciclopedia ilustrada Cumbre :
_blo esencial de los conocimientos actuales en forma clara, sustancial y amena /
_cprólogo Alberto Reyes.
260 _aMéxico :
_bBachette Latinoamérica
_bCumbre,
_c1995.
300 _av. :
_bil., mapas, retrs. ;
_c28 cm.
500 _aTextos a dos columnas
505 0 _gv. 8
_tInsecticidas-lluvia artificial
_gv. 2
_tPascua - Reis
700 1 2 _aReyes, Alberto
_962994
999 _c36195
_d36195